Декабристы в Восточной Сибири: фотоальбом

Bibliografiske detaljer
Institution som forfatter: Государственный архив Иркутской области
Andre forfattere: Слабухин А. А. (составитель), Гусева З. Д. (научный руководитель), Коваль А. А.
Sprog:russisk
Udgivet: Иркутск, Восточно-Сибирское кн. изд-во, 1976
Fag:
Format: MixedMaterials Bog
KOHA link:https://koha.lib.tpu.ru/cgi-bin/koha/opac-detail.pl?biblionumber=358824

MARC

LEADER 00000nam0a2200000 4500
001 358824
005 20231102011131.0
035 |a (RuTPU)RU\TPU\retro\16096 
090 |a 358824 
100 |a 20200828d1976 km y0rusy50 ca 
101 0 |a rus 
102 |a RU 
105 |a a z 000zd 
200 1 |a Декабристы в Восточной Сибири   |e фотоальбом  |f Государственый архив Иркутской области ; сост. А. А. Слабухин, З. Д. Гусева ; науч. рук. А. А. Коваль 
210 |a Иркутск  |c Восточно-Сибирское кн. изд-во  |d 1976 
215 |a 112 с.  |c ил. 
600 1 |a Рылеев  |b К. Ф.  |c русский поэт  |c декабрист  |f 1795-1826  |g Кондратий Федорович  |2 stltpush  |3 (RuTPU)RU\TPU\pers\11919  |9 3028 
600 1 |a Пестель  |b П. И.  |c русский дворянин  |f 1793-1826  |g Павел Иванович  |c декабрист  |c полковник Вятского пехотного полка  |2 stltpush  |3 (RuTPU)RU\TPU\pers\10788 
600 1 |a Муравьёв-Апостол  |b С. И.  |c декабрист  |c подполковник  |f 1795-1826  |g Сергей Иванович  |2 stltpush  |3 (RuTPU)RU\TPU\pers\11760  |9 2907 
600 1 |a Каховский  |b П. Г.  |c декабрист  |c поручик в отставке  |f 1797-1826  |g Петр Григорьевич  |2 stltpush  |3 (RuTPU)RU\TPU\pers\14272  |9 4701 
600 1 |a Бестужев-Рюмин  |b М. П.  |c декабрист  |c подпоручик  |f 1801-1826  |g Михаил Павлович  |2 stltpush  |3 (RuTPU)RU\TPU\pers\11768  |9 2915 
606 1 |a Декабристы  |2 stltpush  |3 (RuTPU)RU\TPU\subj\65333  |9 81899 
610 1 |a ссылка 
610 1 |a ссыльные 
610 1 |a Восточная Сибирь 
610 1 |a Восстание декабристов 
610 1 |a история 
610 1 |a Россия 
610 1 |a 19 век 
610 1 |a каторга 
610 1 |a поселение 
610 1 |a памятные места 
610 1 |a фотоальбомы 
686 |a Т3(2)521-425  |v LBC/SL-A  |2 rubbk 
702 1 |a Слабухин  |b А. А.  |4 220 
702 1 |a Гусева  |b З. Д.  |4 220 
702 1 |a Коваль  |b А. А.  |4 727 
712 0 2 |a Государственный архив Иркутской области  |2 stltpush  |3 (RuTPU)RU\TPU\col\27714 
801 1 |a RU  |b 63413507  |c 20200828 
801 2 |a RU  |b 63413507  |c 20210727  |g RCR 
942 |c BK